000 00583nam a2200169Ia 4500
999 _c17711
_d17711
001 8742
005 20200722105650.0
008 180702s9999 xx 000 0 und d
040 _cPK-IsLIS
082 _a297.124
_bSh136
100 _aShah, Mohammad Jaffar (شاہ، محمد جعفر)
245 _aMuraf-e-Hadith(معارفِ حدیث)
_c/ Mohammad Jaffar Shah(محمد جعفر شاہ)
260 _bIdara Sakafat-e-Islamia(ادارہ ثقافت اسلامیہ),
_aLahore(لاہور) :
_c1970
300 _a388 p.
650 _aIslam-Hadith(اسلام- حدیث)
942 _cBK